Liberal demokrasi'nin eleştirisi, radikal demokrasi (Record no. 4928)

MARC details
000 -BAŞLIK
Sabit Uzunlukta Kontrol Alanı 01192na a2200301 4500
001 - KONTROL NUMARASI
Denetim Alanı 16466
003 - KONTROL NUMARASI IDENTIFIER
Denetim Alanı MIRAKIL
005 - SON İŞLEM TARİHİ VE ZAMANI
Denetim Alanı 20181213155022.0
008 - SABİT-BOY VERİ ELEMANLARI - GENEL BİLGİLER
Sabit Uzunlukta Kontrol Alanı 161011b tu 000 0
035 ## - SİSTEM KONTROL NUMARASI
Sistem Kontrol Numarası 16466
040 ## - KATALOGLAMA KAYNAK
Orijinal Kataloglama Ajansı Milas
Kataloglama Dili tur
Metne Dönüştürmek Ajansı TR-AnCHP
041 ## - DİL KODU
Metin / Ses Parça Veya Ayrı Başlığın Dil Kodu tur
082 ## - DEWEY ONLU SINIFLANDIRMA NUMARASI
Sınıflandırma Numarası 321.8
Ürün Numarası K74l 1997
090 ## - SINIFLAMA NUMARASI
Sınıflama Numarası 321.8 K74l 1997
100 ## - ANA GİRİŞ - KİŞİSEL İSİM
Kişisel Ad Kubalı, Hakan
245 ## - BAŞLIK TABLOSU
Başlık Liberal demokrasi'nin eleştirisi, radikal demokrasi
Başlığın Kalan - modernite ve postmodernite açısından -
Sorumluluk Tablosu, Vb Hakan Kubalı
246 ## - UNVAN FORM VARYING
Başlık Doğru / Kısa Başlığı Modernite ve postmodernite açısından Liberal demokrasi'nin eleştirisi, radikal demokrasi
260 ## - YAYIN, DAĞITIM, VB
Yayın, Dağıtım, Vb Yeri Ankara
Yayıncı, Dağıtıcı, Vs Adı Gazi Üniversitesi Sosyal Bilimler Enstitüsü Siyaset ve Sosyal Bilimler Ana Bilim Dalı
Yayın, Dağıtım, Vb Tarihi 1997
300 ## - FİZİKSEL TANIM
Kapsam 199 s.
Diğer Fiziksel Ayrıntıları 29 sm.
Boyutlar 29 sm.
500 ## - GENEL NOT
Genel Not Yapıt yazarından imzalıdır.
502 ## - TEZLER NOT
Tez Notu Yüksek lisans tezi -- Gazi Üniversitesi Sosyal Bilimler Enstitüsü Siyaset ve Sosyal Bilimler Anabilim Dalı, Ankara, 1997.
504 ## - KAYNAKÇA VB NOT
Kaynakça Vb Notu Kaynakça (195-199) var.
650 ## - KONU KATMA GİRİŞ - TOPİKAL DÖNEM
Topikal Süreli Veya Coğrafi Ad Giriş Elemanı Demokrasi
Genel Alt Bölümü Postmodernlik açısından
650 ## - KONU KATMA GİRİŞ - TOPİKAL DÖNEM
Topikal Süreli Veya Coğrafi Ad Giriş Elemanı Demokrasi
Genel Alt Bölümü Modernlik açısından
650 ## - KONU KATMA GİRİŞ - TOPİKAL DÖNEM
Topikal Süreli Veya Coğrafi Ad Giriş Elemanı Demokrasi
Genel Alt Bölümü Radikal
650 ## - KONU KATMA GİRİŞ - TOPİKAL DÖNEM
Topikal Süreli Veya Coğrafi Ad Giriş Elemanı Demokrasi
Genel Alt Bölümü Liberal
Kronolojik Alt Bölümü Eleştiriler
942 ## - EKLENDİ GİRİŞ ELEMANLARI (KOHA)
Sınıflandırma Veya Raf Düzeni Kaynak
Koha Öğesi Türü Books
999 ## - SİSTEM KONTROL NUMARALARI (KOHA)
Koha Biblionumber 4928
Koha Biblioitemnumber 4928
Holdings
Kalıcı Konum Mevcut Konum Edinme Tarihi Edinim Kaynak Toplam Check-Out'Lar Tam Çağrı Numarası Barkod Tarih Son Görülme İtibaren Geçerli Fiyatlar Koha Öğesi Türü
CHP Kütüphanesi CHP Kütüphanesi 10/07/2016 Bağış   321.8 K74l 1997 002291 10/07/2016 10/07/2016 Books